[Event "UKR-ch U14 Girls"]
[Site "Vinnytsia"]
[Date "2016.04.06"]
[Round "1"]
[White "Kozachenko, Sofia"]
[Black "Korniychuk, Oleksandra"]
[Result "1/2-1/2"]
[WhiteElo "1730"]
[BlackElo "1540"]
[PlyCount "141"]
[EventDate "2016.04.06"]
[EventType "tourn"]
[EventRounds "11"]
[EventCountry "UKR"]
[SourceTitle "CBM 171 Extra"]
[Source "ChessBase"]
[SourceDate "2016.04.26"]
[SourceVersion "1"]
[SourceVersionDate "2016.04.26"]
[SourceQuality "1"]

1. e4 e5 2. Nf3 Nf6 3. Nxe5 d6 4. Nf3 Nxe4 5. Nc3 d5 6. Qe2 Be7 7. Nxe4 dxe4 8. Qxe4 0-0 9. Bd3 g6 10. 0-0 Nc6 11. Qe2 Bf6 12. Be4 Re8 13. d3 Bf5 14. c3 Qe7 15. Re1 Rad8 16. Bf4 g5 17. Bg3 Bg6 18. Qc2 Qd7 19. Bxg6 hxg6 20. d4 Ne7 21. Nd2 Nf5 22. Ne4 Be7 23. Be5 Qc6 24. Rad1 f6 25. Qb3+ Kf8 26. d5 Qd7 27. Nxf6 Bxf6 28. Bxf6 Rxe1+ 29. Rxe1 Re8 30. Rxe8+ Qxe8 31. Qd1 g4 32. h3 g3 33. fxg3 Qe3+ 34. Kh2 Qxg3+ 35. Kh1 Qf2 36. Be5 Nh4 37. Qg1 Qxb2 38. Bxc7 Qxa2 39. d6 Qd5 40. Qf2+ Nf5 41. Qf3 Qxf3 42. gxf3 Ke8 43. c4 b6 44. Bb8 a6 45. Bc7 b5 46. cxb5 axb5 47. Kg2 b4 48. Ba5 b3 49. Bc3 Kd7 50. f4 Kxd6 51. Kf3 Nh6 52. Ke4 Ke6 53. Bb2 Ng8 54. Kd3 Kf5 55. Bc1 Nf6 56. Kc3 Nh5 57. Kxb3 Nxf4 58. Kc2 Nxh3 59. Kd3 Nf4+ 60. Ke3 Kg4 61. Ba3 g5 62. Bd6 Ng2+ 63. Kf2 Kh3 64. Kf3 Nh4+ 65. Kf2 g4 66. Bb8 Ng6 67. Bd6 Kh4 68. Kg2 Kg5 69. Kg3 Kf5 70. Bb8 Ne7 71. Bd6 1/2-1/2